000
00258nam a2200097Ia 4500
001
1174800
005
20250827012639.0
008
250824s9999 xx 000 0 und d
245
0
_a
MUCİZE ŞİFA 2-9 3
_c
BÜLENT GARDİYANOĞLU
260
_b
DESTEK YAYINLARI
999
_c
1174800
_d
1174800